000 00799cam a2200241 a 4500
001 78951
003 BD-RjUL
005 20211209083208.0
008 211201s1919 ii a 000 0 ara d
035 _a(BD-RjUL)79178
040 _aNjP
_cNjP
_dUkOxU
_beng
041 1 _aara
_hara
082 _223
_a892.73
_bQAS 1919
100 _aQayyum, Md.Abdul
_9250913
245 1 4 _aشرح مائة عامل مع الحل الكامل ;; sharh miayat eamil mae alhali alkamil / :
_cmuhammad Abdul Qayyum..
260 _aKanpur: :
_balmatbaal qawami.,
_c1814..
300 _a128 p. ;
_c23 cm.
500 _a"Sharḥ Miʼat ʿāmil
500 _aFinal 3 sequences numbered in early Arabic numerals.
600 _aQamaruddin, Muhammad
_9250917
650 0 _aArabic language
_xSyntax.
_9250915
942 _2ddc
_cBK
999 _c78951
_d78951